Самовозгорание веществ и материалов

Bibliografiske detaljer
Hovedforfatter: Горшков В. И.
Summary:Настоящая работа посвящена вопросам теории, методикам и технике экспериментального исследования процесса самовозгорания. Книга может служить справочным пособием по рассматриваемой проблеме, и ее следует использовать как руководство для решения задач, связанных с самовозгоранием при хранении, транспортировании и переработке в промышленных условиях веществ и материалов. Издание предназначено для инженерно-технического персонала научно-исследовательских, проектных и конструкторских организаций, работников промышленности и сотрудников органов надзора и контроля за безопасностью производства.
Sprog:russisk
Udgivet: Москва, Изд-во ВНИИПО, 2003
Fag:
Format: MixedMaterials Bog
KOHA link:https://koha.lib.tpu.ru/cgi-bin/koha/opac-detail.pl?biblionumber=107778

MARC

LEADER 00000nam0a2200000 4500
001 107778
005 20231031115415.0
010 |a 5901140168 
035 |a (RuTPU)RU\TPU\book\116347 
090 |a 107778 
100 |a 20061228d2003 k y0rusy50 ca 
101 0 |a rus 
102 |a RU 
105 |a y z 001zy 
200 1 |a Самовозгорание веществ и материалов  |f В. И. Горшков 
210 |a Москва  |c Изд-во ВНИИПО  |d 2003 
215 |a 446 с. 
320 |a Библиогр.: с. 430-441. 
330 |a Настоящая работа посвящена вопросам теории, методикам и технике экспериментального исследования процесса самовозгорания. Книга может служить справочным пособием по рассматриваемой проблеме, и ее следует использовать как руководство для решения задач, связанных с самовозгоранием при хранении, транспортировании и переработке в промышленных условиях веществ и материалов. Издание предназначено для инженерно-технического персонала научно-исследовательских, проектных и конструкторских организаций, работников промышленности и сотрудников органов надзора и контроля за безопасностью производства. 
610 1 |a пожарная безопасность 
610 1 |a сыпучие материалы 
610 1 |a самовозгорание 
610 1 |a тепловой взрыв 
610 1 |a стационарная теория 
610 1 |a критические условия 
610 1 |a расчет 
610 1 |a приближенные методы 
610 1 |a окислители 
610 1 |a параллельные реакции 
610 1 |a самовоспламенение 
610 1 |a нестационарная теория 
610 1 |a исследование 
610 1 |a методы 
610 1 |a экспериментальное изучение 
610 1 |a тепловое самовозгорание 
675 |a 614.841.4  |v 3 
700 1 |a Горшков  |b В. И. 
801 1 |a RU  |b 63413507  |c 20061228  |g PSBO 
801 2 |a RU  |b 63413507  |c 20161214  |g PSBO 
942 |c BK 
959 |a 116/20061226  |d 1  |e 440,00  |f ЧЗТЛ:1